000 00662nam a2200217Ia 4500
005 20240312094229.0
008 131103s9999 xx 000 0 und d
040 _aLoreto College
041 _aEnglish
082 _a371.4
_bHAT
100 _aHatch,Raymond N.
245 _aAdministration of Guidance Services,
_b
_cRaymond N.Hatch and Buford Steffire
250 _aorganization, supervision evaluation
260 _aEnglewood Cliffs
_bPrertice - Hall
_c1958
300 _aix,499 p.
_b ill.,tables
504 _aSixth printing 1964
650 _aStudent Guidance and Counseling
700 _aSteffire, Buford,auth.
850 _aLCLIB
942 _cBK
999 _c3145
_d53624